000
00198 a2200097 4500
001
35164
100
_a
ZAN
245
_a
Zia Mahuddin
260
_a
Lahore
_b
Pakistan Books
_c
090
_c
23308
_d
23308
942
_a
NUST-CAE
_c
M
_c
14790
999
_c
270237
_d
270237